000 00453nam a2200193Ia 4500
008 170918s9999 xx 000 0 und d
020 _a9780439597685
050 _bW517 2003
100 _aWest, Elizabeth
245 _aAnne of green gables /
245 _cElizabeth West.
260 _aNew York :
260 _bScholastic,
260 _c2003
300 _a40 pages :
300 _bcolored illustration ;
300 _c19cm.
500 _a240
999 _c341099
_d341099